<?xml version="1.0" encoding="UTF-8"?><?xml-stylesheet type="text/xsl" href="static/style.xsl"?><OAI-PMH xmlns="http://www.openarchives.org/OAI/2.0/" xmlns:xsi="http://www.w3.org/2001/XMLSchema-instance" xsi:schemaLocation="http://www.openarchives.org/OAI/2.0/ http://www.openarchives.org/OAI/2.0/OAI-PMH.xsd"><responseDate>2026-04-18T07:02:13Z</responseDate><request verb="GetRecord" identifier="oai:www.recercat.cat:10459.1/468296" metadataPrefix="marc">https://recercat.cat/oai/request</request><GetRecord><record><header><identifier>oai:recercat.cat:10459.1/468296</identifier><datestamp>2025-09-15T18:13:58Z</datestamp><setSpec>com_2072_3622</setSpec><setSpec>col_2072_479130</setSpec></header><metadata><record xmlns="http://www.loc.gov/MARC21/slim" xmlns:dcterms="http://purl.org/dc/terms/" xmlns:xsi="http://www.w3.org/2001/XMLSchema-instance" xmlns:doc="http://www.lyncode.com/xoai" xsi:schemaLocation="http://www.loc.gov/MARC21/slim http://www.loc.gov/standards/marcxml/schema/MARC21slim.xsd">
   <leader>00925njm 22002777a 4500</leader>
   <datafield ind2=" " ind1=" " tag="042">
      <subfield code="a">dc</subfield>
   </datafield>
   <datafield ind2=" " ind1=" " tag="720">
      <subfield code="a">Fornons Casol, Laura</subfield>
      <subfield code="e">author</subfield>
   </datafield>
   <datafield ind2=" " ind1=" " tag="720">
      <subfield code="a">Ramos Pla, Anabel</subfield>
      <subfield code="e">author</subfield>
   </datafield>
   <datafield ind2=" " ind1=" " tag="260">
      <subfield code="c">2025</subfield>
   </datafield>
   <datafield ind2=" " ind1=" " tag="520">
      <subfield code="a">La pedagogía de la muerte, crucial para el desarrollo emocional y la resiliencia, enfrenta desafíos significativos en su integración curricular y formación docente. Este enfoque educativo busca normalizar el diálogo sobre la finitud humana, esencial para una sociedad cada vez más necesitada de empatía y comprensión integral. Sin embargo, la falta de inclusión en los planes de estudio de Educación Primaria a nivel nacional e internacional, junto con la escasa formación específica para los docentes, evidencia una brecha crítica. Los estudios resaltan la importancia de abordar temas como el duelo y la pérdida desde una edad temprana para fortalecer la salud mental y prevenir duelos patológicos. La metodología propuesta incluye estrategias didácticas transversales y adaptadas, aunque requieren validación empírica para asegurar su efectividad en diferentes etapas educativas. En resumen, la pedagogía de la muerte no solo promueve competencias emocionales, sino que también prepara a las comunidades educativas para enfrentar la realidad humana con sensibilidad y preparación adecuada.</subfield>
   </datafield>
   <datafield tag="653" ind2=" " ind1=" ">
      <subfield code="a">Pedagogía de la muerte</subfield>
   </datafield>
   <datafield tag="653" ind2=" " ind1=" ">
      <subfield code="a">Educación para la muerte</subfield>
   </datafield>
   <datafield tag="653" ind2=" " ind1=" ">
      <subfield code="a">Educación emocional</subfield>
   </datafield>
   <datafield tag="653" ind2=" " ind1=" ">
      <subfield code="a">Formación docente</subfield>
   </datafield>
   <datafield ind2="0" ind1="0" tag="245">
      <subfield code="a">La Pedagogía de la muerte en educación primaria: una reflexión teórica</subfield>
   </datafield>
</record></metadata></record></GetRecord></OAI-PMH>